000 01352nam a2200361 a 4500
001 000113434
003 CHAP
005 20220329144354.0
008 170623s2016 mx sm |||||||spa d
010 _a109895
011 _a110867
040 _cCHAP
090 _aTesis
100 1 _aLópez Bustamante, Erika
_9132698
245 1 4 _aLas representaciones sociales de la violencia escolar en estudiantes de la UACH
_h[En línea]
_cpor Erika López Bustamante.
260 _aChapingo, Méx. :
_bEl autor,
_c2016.
500 _aPara ver el contenido del material haga clic en la liga
502 _aTesis (M.C. en Sociología Rural) -- UACH. Departamento de Sociología Rural
590 _aBATCH-UPD
_b05
_c20170623
_lUCH01
_h0932
590 _aBATCH-UPD
_b10
_c20170626
_lUCH01
_h0858
590 _aE11695DGD
_b10
_c20170626
_lUCH01
_h0856
590 _aE11695DGD
_b10
_c20170626
_lUCH01
_h0857
590 _aE5765TAJ
_b05
_c20170623
_lUCH01
_h0931
590 _aE5765TAJ
_b05
_c20170623
_lUCH01
_h0931
650 1 4 _aAcoso moral en la escuela.
_9132700
650 1 4 _aDiscriminación en la educación.
_9132701
650 1 4 _aIntimidación en la escuela.
_9132702
650 1 4 _aViolencia escolar
_xAspectos sociales.
_9132699
856 _aFinding aid
_uhttp://10.13.5.2/tesis/sist113434.pdf
_zTeclea aquí
901 _aBK
942 _cTESIS
942 _n0
999 _c109895
_d109895